000 00218 a2200097 4500
001 49437
100 _aKemp
245 _aHundred Years of Sea Stories
260 _aLondon
_bCassell & Co. Ltd
_c
090 _c31972
_d31972
942 _aNUST-CAE
_cM
_c24416
999 _c284510
_d284510